[Event "FIDE Grand Swiss 2021"]
[Site "Riga"]
[Date "01.11.2021"]
[Round "6"]
[White "Indjic, Aleksandar"]
[Black "Alekseenko, Kirill"]
[Result "1/2-1/2"]
[WhiteElo "2612"]
[BlackElo "2710"]

1. d4 Nf6 2. c4 e6 3. Nc3 Bb4 4. Nf3 b6 5. Bg5 Bb7 6. e3 h6 7. Bh4 g5 8.
Bg3 Ne4 9. Qc2 Bxc3+ 10. bxc3 d6 11. Nd2 Nxg3 12. hxg3 Nd7 13. a4 a5 14. e4
Qe7 15. Bd3 h5 16. O-O-O O-O-O 17. Nf1 Rh6 18. Ne3 Rdh8 19. Rhe1 h4 20.
gxh4 Rxh4 21. g3 Rh3 22. Kb2 Kb8 23. Ka2 Ka7 24. Kb2 Qf6 25. Qe2 e5 26. Bc2
c5 27. dxe5 Nxe5 28. Rd2 Bc8 29. Red1 Rh2 30. Nf5 Be6 31. Bb3 Bxf5 32. exf5
Qxf5 33. Bc2 Qe6 34. Kb3 Rd8 35. Rd5 f6 36. R1d2 g4 37. Qe3 Rh5 38. Qf4 Kb8
39. Kb2 Kc7 40. Kb3 Qe7 41. Bf5 Rg5 42. Rd1 Qf7 43. Rh1 Rh5 44. Rhd1 Rh2
45. R5d2 Qg8 46. Re2 Qg5 47. Be6 Rhh8 48. Re4 Rh2 49. Bxg4 Qxg4 50. Qxg4
Nxg4 51. Rxg4 Rxf2 52. Rh1 Kc6 53. Re4 d5 54. cxd5+ Kxd5 55. Rg4 Ke5 56.
Rg7 Rd3 57. Re1+ Kd6 58. Rg8 Kd7 59. Rg7+ Kd6 60. Rg8 Kd7 61. Rg7+ 1/2-1/2

[Event "FIDE Grand Swiss 2021"]
[Site "Riga"]
[Date "01.11.2021"]
[Round "6"]
[White "Fedoseev, Vladimir"]
[Black "Pichot, Alan"]
[Result "1-0"]
[WhiteElo "2704"]
[BlackElo "2628"]

1. e4 e5 2. Nf3 Nc6 3. Bb5 a6 4. Ba4 Nf6 5. O-O b5 6. Bb3 Bc5 7. a4 Rb8 8.
c3 d6 9. d4 Bb6 10. a5 Ba7 11. h3 Bb7 12. Re1 O-O 13. Bg5 h6 14. Bh4 g5 15.
Bg3 Re8 16. dxe5 Nxe5 17. Bc2 Nc4 18. b3 Nxe4 19. Bxe4 Bxe4 20. bxc4 bxc4
21. Nbd2 Bd3 22. Qa4 Rb5 23. Nxc4 Rxe1+ 24. Rxe1 Qf6 25. Rc1 h5 26. Ncd2 h4
27. Bh2 Rb2 28. Kh1 Qf5 29. Bg1 Kg7 30. Qa1 Qb5 31. Re1 Kf8 32. c4 Qb4 33.
Ne4 Bxe4 34. Rxe4 Bxf2 35. c5 Qxe4 36. Qxb2 Bxg1 37. cxd6 Bd4 38. Qxd4 1-0

[Event "FIDE Grand Swiss 2021"]
[Site "Riga"]
[Date "01.11.2021"]
[Round "6"]
[White "Eljanov, Pavel"]
[Black "Brkic, Ante"]
[Result "1-0"]
[WhiteElo "2691"]
[BlackElo "2621"]

1. e4 c5 2. Nf3 d6 3. Bb5+ Nd7 4. d4 cxd4 5. Nxd4 Nf6 6. Bd3 Nc5 7. Nc3 g6
8. f3 Bg7 9. Be3 O-O 10. Be2 Bd7 11. Qd2 Qa5 12. a4 a6 13. O-O Rac8 14.
Rfb1 Ne6 15. Nb3 Qc7 16. a5 Nc5 17. Nxc5 dxc5 18. Na4 Bxa4 19. Rxa4 Rfd8
20. Qe1 Nd7 21. Kh1 Nf8 22. c3 Nd7 23. f4 Nf6 24. Rba1 e5 25. f5 gxf5 26.
exf5 e4 27. Qh4 Qd7 28. Bg5 Rc6 29. Rf1 Re8 30. Raa1 Rd6 31. Bf4 Rd5 32.
Bc4 Rxf5 33. g4 Rxf4 34. Rxf4 Qc6 35. Kg1 Kh8 36. Raf1 Nd5 37. Rxf7 1-0

[Event "FIDE Grand Swiss 2021"]
[Site "Riga"]
[Date "01.11.2021"]
[Round "6"]
[White "Howell, David W L"]
[Black "Yakubboev, Nodirbek"]
[Result "1-0"]
[WhiteElo "2658"]
[BlackElo "2621"]

1. d4 d5 2. Nf3 Nf6 3. c4 e6 4. Nc3 h6 5. g3 Bd6 6. Bg2 Nc6 7. O-O O-O 8.
b3 dxc4 9. bxc4 e5 10. e3 exd4 11. exd4 Re8 12. Be3 Bf5 13. Qb3 b6 14. c5
bxc5 15. dxc5 Rxe3 16. fxe3 Bxc5 17. Kh1 Bxe3 18. Rad1 Qc8 19. Nd5 Nxd5 20.
Qxd5 Nb4 21. Qb3 Bc5 22. a3 Be6 23. Qc3 Na6 24. Ne5 c6 25. Nxc6 Qf8 26. Qa5
Bc4 27. Ne5 Bb6 28. Qa4 Bxf1 29. Rxf1 Nc5 30. Qc4 Ne6 31. Nxf7 Qc8 32. Qe4
Rb8 33. Bh3 Nc5 34. Nxh6+ Kh8 35. Nf7+ Kg8 36. Qh4 Qb7+ 37. Bg2 Qxf7 38.
Rxf7 Kxf7 39. Qf4+ 1-0

[Event "FIDE Grand Swiss 2021"]
[Site "Riga"]
[Date "01.11.2021"]
[Round "6"]
[White "Gukesh, D"]
[Black "Sadhwani, Raunak"]
[Result "0-1"]
[WhiteElo "2640"]
[BlackElo "2609"]

1. d4 Nf6 2. c4 e6 3. Nf3 d5 4. Nc3 Bb4 5. Qa4+ Nc6 6. e3 O-O 7. Bd2 dxc4
8. Bxc4 Bd6 9. Qc2 e5 10. dxe5 Nxe5 11. Nxe5 Bxe5 12. O-O Re8 13. h3 Be6
14. Bd3 Qd7 15. Rad1 Rad8 16. Be1 Qe7 17. f4 Bxc3 18. Bxc3 Qc5 19. Rf3 Bf5
20. Bxf5 Rxd1+ 21. Qxd1 Qxf5 22. Rg3 h6 23. Kh2 c6 24. Be5 g6 25. Qd4 Ne4
26. Rf3 f6 27. Bc7 b6 28. Qa4 Re7 29. Bb8 Qc8 30. Be5 Nc5 31. Qc4+ Qe6 32.
Qxe6+ Rxe6 33. Bc3 Ne4 34. f5 gxf5 35. Be1 Re5 36. Rf4 Kf7 37. Kg1 Rd5 38.
Kf1 Rd1 39. g4 Nc5 40. Rxf5 Rb1 41. h4 Nd3 42. Ke2 Nxe1 43. g5 hxg5 44.
hxg5 Nc2 45. Rxf6+ Kg7 46. Rxc6 Rxb2 47. Rc7+ Kg6 48. Rxa7 Nb4+ 49. Kf3
Nxa2 50. Kf4 Nc3 51. Ra8 Rb4+ 52. Ke5 Re4+ 53. Kd6 Rc4 54. Rg8+ Kf5 55. g6
b5 56. Ke7 b4 57. g7 Kg6 58. Ke6 Rc6+ 59. Ke5 Rb6 0-1

[Event "FIDE Grand Swiss 2021"]
[Site "Riga"]
[Date "01.11.2021"]
[Round "6"]
[White "Jobava, Baadur"]
[Black "Moussard, Jules"]
[Result "1-0"]
[WhiteElo "2582"]
[BlackElo "2632"]

1. e4 e5 2. d4 exd4 3. Nf3 Bb4+ 4. Nbd2 d5 5. Nxd4 Ne7 6. c3 Bc5 7. N2b3
Bb6 8. Bg5 O-O 9. exd5 Qxd5 10. Bxe7 Re8 11. Ne2 Qh5 12. Qd2 h6 13. O-O-O
Nc6 14. Nf4 1-0

[Event "FIDE Grand Swiss 2021"]
[Site "Riga"]
[Date "01.11.2021"]
[Round "6"]
[White "Shevchenko, Kirill"]
[Black "Kuybokarov, Temur"]
[Result "1-0"]
[WhiteElo "2632"]
[BlackElo "2549"]

1. Nf3 d5 2. g3 g6 3. c4 dxc4 4. Na3 Nc6 5. Nxc4 Bg7 6. d3 e5 7. Bd2 Nge7
8. b4 a6 9. Rc1 Be6 10. Bg2 O-O 11. O-O h6 12. a4 b5 13. Na3 Nd4 14. Nxd4
exd4 15. Bxa8 Qxa8 16. Re1 Bh3 17. f3 c6 18. e4 dxe3 19. Bxe3 Be6 20. Bc5
Re8 21. Nc2 Qd8 22. axb5 axb5 23. d4 Nf5 24. Qd3 Qd5 25. Rcd1 Ra8 26. Ra1
Ra4 27. Kg2 Qd7 28. Ne3 Nd6 29. Qc2 Nb7 30. Rxa4 bxa4 31. Qxa4 Nxc5 32.
bxc5 Qxd4 33. Qxd4 Bxd4 34. Ng4 Kg7 35. Rc1 Bd5 36. Nf2 g5 37. g4 h5 38. h3
f5 39. gxf5 Kf6 40. Rd1 Be3 41. Rd3 Bf4 42. Ne4+ Kxf5 43. Nc3 Bc4 44. Rd4
Ba6 45. Rd8 Bc4 46. Rd4 Ba6 47. Ne4 Ke5 48. Rd8 Bc4 49. Kf2 Bd5 50. Nc3 Be6
51. Ne2 Bxh3 52. Nxf4 Kxf4 53. Rd6 Ke5 54. Rxc6 Be6 55. Rd6 Bd5 56. Kg3 Be6
57. Kf2 h4 58. Rb6 Kd5 59. Rd6+ Ke5 60. Rd8 Bd5 61. Rh8 Kd4 62. Rh5 Kxc5
63. Rxg5 Kd4 64. Rh5 Be6 65. Rxh4+ Ke5 66. Ke3 Bd7 67. Rc4 Bf5 68. Rc5+ Kf6
69. Kf4 Bd7 70. Rd5 Bc8 71. Rd6+ Kf7 72. Ke5 Bh3 73. f4 Ke7 74. Rh6 Bf1 75.
Rh7+ Kf8 76. Ke4 1-0

[Event "FIDE Grand Swiss 2021"]
[Site "Riga"]
[Date "01.11.2021"]
[Round "6"]
[White "Van Foreest, Jorden"]
[Black "Ivic, Velimir"]
[Result "1/2-1/2"]
[WhiteElo "2691"]
[BlackElo "2606"]

1. Nf3 Nf6 2. c4 g6 3. Nc3 d5 4. cxd5 Nxd5 5. h4 Bg7 6. h5 Nc6 7. g3 Nxc3
8. bxc3 e5 9. Qc2 Bf5 10. d3 Qe7 11. Ng5 Bf6 12. Ne4 Bxe4 13. dxe4 O-O 14.
a4 Rfd8 15. Bh3 Qc5 16. Kf1 Qc4 17. Kg2 Nb4 18. Qb1 Na6 19. Be3 Nc5 20.
Bxc5 Qxc5 21. Qb3 Qc6 22. Bg4 Bg7 23. a5 b5 24. axb6 axb6 25. Rxa8 Qxa8 26.
Qc4 c6 27. Qb4 Qa7 28. Qb2 b5 29. Ra1 Qc5 30. Qb3 Bf8 31. Ra6 Kg7 32. Ra1
Be7 33. Ra6 Bf8 34. Ra2 Be7 35. Ra6 1/2-1/2

[Event "FIDE Grand Swiss 2021"]
[Site "Riga"]
[Date "01.11.2021"]
[Round "6"]
[White "Martirosyan, Haik M."]
[Black "Svidler, Peter"]
[Result "1/2-1/2"]
[WhiteElo "2624"]
[BlackElo "2694"]

1. c4 g6 2. Nc3 c5 3. g3 Bg7 4. Bg2 Nc6 5. d3 Nf6 6. e3 e6 7. Nge2 O-O 8.
O-O b6 9. a3 Bb7 10. b4 d5 11. bxc5 dxc4 12. dxc4 Qe7 13. cxb6 axb6 14. Rb1
Rfd8 15. Qc2 Ne5 16. Rxb6 Bxg2 17. Kxg2 Nxc4 18. Rb3 Nxa3 19. Bxa3 Rxa3 20.
Rd1 Rxb3 21. Qxb3 Rxd1 22. Qxd1 Qb7+ 23. Kg1 Qc7 24. Qa4 Bf8 25. Qf4 Qxf4
26. Nxf4 Bd6 27. Nd3 Kg7 28. Kg2 Nd7 29. Kf3 Ne5+ 30. Nxe5 Bxe5 1/2-1/2

[Event "FIDE Grand Swiss 2021"]
[Site "Riga"]
[Date "01.11.2021"]
[Round "6"]
[White "Matlakov, Maxim"]
[Black "Antipov, Mikhail Al."]
[Result "1/2-1/2"]
[WhiteElo "2682"]
[BlackElo "2619"]

1. d4 Nf6 2. c4 g6 3. Nf3 Bg7 4. g3 c6 5. Nc3 d5 6. Qb3 dxc4 7. Qxc4 O-O 8.
Bg2 Bf5 9. O-O Nbd7 10. Re1 Ne4 11. Qb3 Qa5 12. Bf4 Nb6 13. a4 Rac8 14.
Red1 Nxc3 15. Qxc3 Qxc3 16. bxc3 Rfd8 17. a5 Nc4 18. Rdc1 h6 19. h4 c5 20.
e3 Be4 21. g4 Rc6 22. Ne5 Bxg2 23. Kxg2 Nxe5 24. dxe5 c4 25. Rab1 Rd7 26.
Rb4 Rc5 27. Rcb1 Bxe5 28. Bxe5 Rxe5 29. Rxb7 Rxb7 30. Rxb7 Rxa5 1/2-1/2

[Event "FIDE Grand Swiss 2021"]
[Site "Riga"]
[Date "01.11.2021"]
[Round "6"]
[White "Ter-Sahakyan, Samvel"]
[Black "Gelfand, Boris"]
[Result "1-0"]
[WhiteElo "2607"]
[BlackElo "2680"]

1. e4 c5 2. Nf3 d6 3. d4 cxd4 4. Nxd4 Nf6 5. Nc3 Nc6 6. Bc4 Qb6 7. Nb3 e6
8. Bf4 Qd8 9. Be2 a6 10. a4 b6 11. Qd2 Be7 12. O-O-O Ne5 13. Bg3 Bb7 14. f4
Nc6 15. e5 dxe5 16. fxe5 Nd7 17. Bf3 Bg5 18. Bf4 Bxf4 19. Qxf4 O-O 20. Rd6
Qc7 21. Bxc6 Bxc6 22. Rhd1 Nc5 23. Nxc5 bxc5 24. R1d3 Rad8 25. Qe3 c4 26.
Rxd8 Rxd8 27. Qa7 Qc8 28. Rxd8+ Qxd8 29. Qxa6 Bxg2 30. Qxc4 h5 31. Qf4 h4
32. b4 h3 33. a5 Qb8 34. Ne4 f6 35. Nd6 Qc7 36. Kb2 f5 37. Qe3 Be4 38. c4
Bg2 39. a6 Qe7 40. b5 Qh4 41. b6 f4 42. Qd2 Qh5 43. b7 Qxe5+ 1-0

[Event "FIDE Grand Swiss 2021"]
[Site "Riga"]
[Date "01.11.2021"]
[Round "6"]
[White "Mamedov, Rauf"]
[Black "Ganguly, Surya Shekhar"]
[Result "1/2-1/2"]
[WhiteElo "2673"]
[BlackElo "2617"]

1. e4 e5 2. Nf3 Nc6 3. Bc4 Nf6 4. d3 Bc5 5. c3 d6 6. Nbd2 O-O 7. h3 a5 8.
O-O Be6 9. Bb5 Ba7 10. Re1 Ne7 11. Nf1 c6 12. Ba4 Ng6 13. Ng3 d5 14. exd5
Nxd5 15. d4 exd4 16. Nxd4 Bxd4 17. Qxd4 Ndf4 18. Qxd8 Rfxd8 19. Bc2 Nd3 20.
Bxd3 Rxd3 21. Be3 Rd7 22. Ne4 Bd5 23. Nc5 Re7 24. b3 f6 25. c4 Bf7 26. Red1
b5 27. cxb5 cxb5 28. Rd6 Rc8 29. Rad1 h5 30. Rd8+ Rxd8 31. Rxd8+ Re8 32.
Rd7 Nh4 33. a3 Nf5 1/2-1/2

[Event "FIDE Grand Swiss 2021"]
[Site "Riga"]
[Date "01.11.2021"]
[Round "6"]
[White "Zvjaginsev, Vadim"]
[Black "Cori, Jorge"]
[Result "1/2-1/2"]
[WhiteElo "2609"]
[BlackElo "2655"]

1. e4 c6 2. d4 d5 3. e5 Bf5 4. Be3 e6 5. Nd2 Nd7 6. g4 Bg6 7. Ne2 f6 8. f4
Nh6 9. h3 fxe5 10. fxe5 Be7 11. Nf4 O-O 12. Nxg6 hxg6 13. Qe2 Bh4+ 14. Kd1
c5 15. dxc5 Rc8 16. Nb3 Nf7 17. Bd4 Ng5 18. Bg2 Ne4 19. Bxe4 dxe4 20. Kc1
Qg5+ 21. Kb1 Qf4 22. a3 Qf3 23. Qxf3 exf3 24. Rf1 Be7 25. Ka2 Bxc5 26. Nxc5
Nxc5 27. Rae1 Rf4 28. Be3 Rf7 29. Bd4 Rf4 30. Be3 Rf7 31. Bd4 Rf4 1/2-1/2

[Event "FIDE Grand Swiss 2021"]
[Site "Riga"]
[Date "01.11.2021"]
[Round "6"]
[White "Sethuraman, S.P."]
[Black "Demchenko, Anton"]
[Result "0-1"]
[WhiteElo "2620"]
[BlackElo "2651"]

1. e4 e5 2. Nf3 Nc6 3. Bb5 a6 4. Ba4 Nf6 5. O-O Be7 6. Re1 b5 7. Bb3 d6 8.
c3 O-O 9. d4 Bg4 10. Be3 Bh5 11. h3 exd4 12. cxd4 Na5 13. Bc2 Nc4 14. Bc1
c5 15. b3 Nb6 16. Nbd2 Nfd7 17. Bb2 Re8 18. a4 bxa4 19. bxa4 Rb8 20. Ra2
cxd4 21. a5 d3 22. Bxd3 Nc5 23. Bc2 Nbd7 24. Nc4 Nf6 25. g4 Bg6 26. Bxf6
Bxf6 27. Nxd6 Re6 28. e5 Bxe5 29. Bxg6 Bxd6 30. Bc2 Rxe1+ 31. Qxe1 g6 32.
Qe3 Ne6 33. Bb3 Bf4 34. Qc3 Rc8 35. Qb2 Rc1+ 36. Kg2 Qd3 37. Nh2 Rc3 0-1

[Event "FIDE Grand Swiss 2021"]
[Site "Riga"]
[Date "01.11.2021"]
[Round "6"]
[White "Abasov, Nijat"]
[Black "Henriquez Villagra, Cristobal"]
[Result "1/2-1/2"]
[WhiteElo "2638"]
[BlackElo "2608"]

1. d4 Nf6 2. c4 e6 3. Nf3 d5 4. Nc3 c6 5. Bg5 Nbd7 6. cxd5 exd5 7. e3 Be7
8. Qc2 Nh5 9. Bxe7 Qxe7 10. O-O-O Nb6 11. Bd3 Bg4 12. Kb1 g6 13. Rc1 Bxf3
14. gxf3 Nf6 15. Ka1 Nfd7 16. f4 f5 17. Nb1 Qh4 18. Qe2 Nf6 19. Nd2 Ne4 20.
Bxe4 dxe4 21. f3 exf3 22. Nxf3 Qf6 23. Ne5 O-O-O 24. b4 Kb8 25. b5 cxb5 26.
Qxb5 Qe6 27. Rc5 Rd5 28. Rhc1 Rhd8 29. R1c2 Rxc5 30. dxc5 Rd1+ 31. Kb2 Qd5
32. Qb4 Nc8 33. Ka3 Ka8 34. h4 a6 35. Nc4 Qc6 36. Ne5 Qd5 37. Nc4 Qc6 38.
Ne5 Qd5 1/2-1/2

[Event "FIDE Grand Swiss 2021"]
[Site "Riga"]
[Date "01.11.2021"]
[Round "6"]
[White "Bjerre, Jonas Buhl"]
[Black "Niemann, Hans Moke"]
[Result "0-1"]
[WhiteElo "2569"]
[BlackElo "2638"]

1. e4 e5 2. Nf3 Nc6 3. Bb5 a6 4. Ba4 Nf6 5. O-O Be7 6. d3 b5 7. Bb3 d6 8.
a3 O-O 9. Nc3 Na5 10. Ba2 c5 11. b4 Nc6 12. Nd5 Be6 13. c3 h6 14. Be3 Ng4
15. Bd2 Re8 16. a4 cxb4 17. cxb4 Nf6 18. axb5 axb5 19. Bb3 Rc8 20. Ra6 Bf8
21. Nxf6+ Qxf6 22. Bxe6 Qxe6 23. Rb6 d5 24. Rxb5 dxe4 25. dxe4 Qc4 26. Rb7
Red8 27. Qb1 Qa6 28. Rxf7 Kxf7 29. b5 Qa4 30. bxc6 Kg8 31. Rc1 Bd6 32. Qb6
Bc7 33. Qe3 Rb8 34. h4 Qa2 35. Bc3 Rb5 36. Nd2 Bb6 37. Qe1 Rc5 38. Nf3 Rxc6
39. Nxe5 Rf8 40. Nf3 Rg6 41. Bd4 Rxf3 42. Bxb6 Rf4 43. Bc7 Rxh4 44. Bg3
Rxg3 45. fxg3 Qa7+ 46. Qf2 Rh1+ 47. Kxh1 Qxf2 48. Kh2 Qe2 49. Rc3 Qxe4 50.
Rf3 h5 51. Rf4 Qe5 52. Ra4 Kh7 53. Kh3 Kh6 54. Kh2 Qd6 55. Re4 g5 56. Kh3
g4+ 57. Kh2 Kg5 0-1

[Event "FIDE Grand Swiss 2021"]
[Site "Riga"]
[Date "01.11.2021"]
[Round "6"]
[White "Nguyen, Thai Dai Van"]
[Black "Kovalev, Vladislav"]
[Result "1/2-1/2"]
[WhiteElo "2577"]
[BlackElo "2634"]

1. d4 Nf6 2. c4 g6 3. Nf3 Bg7 4. g3 O-O 5. Bg2 d6 6. Nc3 Nc6 7. O-O e5 8.
dxe5 Nxe5 9. Nxe5 dxe5 10. Qxd8 Rxd8 11. Bg5 Rd4 12. Be3 Rd7 13. h3 c6 14.
b4 Rc7 15. b5 cxb5 16. Nxb5 Rxc4 17. Rfc1 Rxc1+ 18. Rxc1 Bd7 19. Nc7 Rc8
20. Bxb7 Rb8 21. Bc6 Bxh3 22. Bxa7 Rb2 23. a4 Bh6 24. Ra1 Bc8 25. Rd1 Bd2
26. a5 Bb7 27. Bxb7 Bxa5 28. Rd8+ Kg7 29. Bc5 h6 30. Ne8+ Nxe8 31. Rxe8
1/2-1/2

[Event "FIDE Grand Swiss 2021"]
[Site "Riga"]
[Date "01.11.2021"]
[Round "6"]
[White "Zhou, Jianchao"]
[Black "Bartel, Mateusz"]
[Result "1-0"]
[WhiteElo "2629"]
[BlackElo "2597"]

1. d4 d5 2. c4 c6 3. Nf3 Nf6 4. Nc3 dxc4 5. e4 b5 6. Be2 e6 7. a4 b4 8. e5
bxc3 9. exf6 cxb2 10. fxg7 Bxg7 11. Bxb2 Qa5+ 12. Nd2 Ba6 13. Rc1 O-O 14.
O-O Nd7 15. Bxc4 Bxc4 16. Nxc4 Qd5 17. Ne3 Qe4 18. a5 Rfb8 19. Ba1 Rb5 20.
Rc4 Rxa5 21. Bc3 Rd5 22. Nxd5 Qxd5 23. Ra4 Nb6 24. Ra5 Qd8 25. Qd3 Nd5 26.
Bd2 Ne7 27. Qa3 Nf5 28. Rxa7 Rxa7 29. Qxa7 Bxd4 30. Qa3 Qd5 31. Bc3 c5 32.
Bxd4 cxd4 33. Qd3 Nh4 34. Qg3+ Ng6 35. Re1 Kg7 36. h4 Qh5 37. Qd3 Qxh4 38.
Re4 Qf6 39. Rxd4 h5 40. Qe3 e5 41. Rd1 Qf5 42. Re1 Qg4 43. Qc3 Qg5 44. Re3
h4 45. Re4 Kh6 46. Qf3 Kg7 47. Rg4 Qh5 48. Kh2 Kf8 49. Qa8+ Kg7 50. Qc8 Kf6
51. Qd8+ Kg7 52. Rg5 Qe2 53. Rf5 Qc4 54. Qf6+ Kg8 55. Rg5 Qe4 56. f3 Qe1
57. Rg4 Qe3 58. Qxh4 Kg7 59. Qg5 Qxg5 60. Rxg5 f6 61. Rg4 f5 62. Ra4 Kf6
63. g3 Nf8 64. Kg2 Ne6 65. Ra6 Kf7 66. Kf2 f4 67. g4 Ng5 68. Ke2 Kg7 69.
Rb6 Kf7 70. Rh6 1-0

[Event "FIDE Grand Swiss 2021"]
[Site "Riga"]
[Date "01.11.2021"]
[Round "6"]
[White "Movsesian, Sergei"]
[Black "Van Foreest, Lucas"]
[Result "1-0"]
[WhiteElo "2627"]
[BlackElo "2543"]

1. e4 e5 2. Nf3 Nf6 3. Nxe5 d6 4. Nf3 Nxe4 5. c4 Nc6 6. d3 Nf6 7. d4 Be7 8.
Nc3 O-O 9. h3 d5 10. c5 b6 11. Bb5 Nb8 12. cxb6 axb6 13. Ne5 Ba6 14. Bxa6
Rxa6 15. O-O c6 16. Qd3 b5 17. Bf4 Qb6 18. Rfe1 b4 19. Ne2 Ne4 20. Ng3 Nxg3
21. Qxg3 Ra8 22. Ng4 Qd8 23. Rxe7 Qxe7 24. Nh6+ Kh8 25. Nf5 Qf6 26. Be5 Qg6
27. Bxg7+ Kg8 28. Bf6 Qxg3 29. Nh6# 1-0

[Event "FIDE Grand Swiss 2021"]
[Site "Riga"]
[Date "01.11.2021"]
[Round "6"]
[White "Kravtsiv, Martyn"]
[Black "Neiksans, Arturs"]
[Result "1-0"]
[WhiteElo "2625"]
[BlackElo "2570"]

1. d4 Nf6 2. c4 e6 3. Nc3 Bb4 4. g3 O-O 5. Bg2 d5 6. Nf3 dxc4 7. O-O Nc6 8.
Qa4 Nd5 9. Qc2 Be7 10. Rd1 Bd7 11. e4 Ncb4 12. Qd2 Nxc3 13. Qxc3 Ba4 14. b3
cxb3 15. axb3 Be8 16. Bf4 c6 17. Bh3 Kh8 18. Bc1 f5 19. Bb2 fxe4 20. d5 Rf6
21. dxc6 Nd5 22. Qe5 bxc6 23. Ng5 Bg6 24. Nxe4 Bxe4 25. Qxe4 Qf8 26. Bxf6
Bxf6 27. Qxe6 Bxa1 28. Rxa1 Qc5 29. Qf7 a5 30. Re1 Qf8 31. Qd7 Nb4 32. Bf1
h6 33. Bc4 Qd8 34. Qf7 Qf8 35. Qg6 Rc8 36. Be6 Re8 37. Re5 Nd5 38. Bf5 Nf6
39. Rxa5 Qe7 40. Kg2 Qb7 41. Kh3 Re2 42. Ra4 Kg8 43. Rd4 Qe7 44. Rf4 Rb2
45. Bd3 Qe6+ 46. Kh4 Qe7 47. Bc4+ Kh8 48. Kh3 Qf8 49. Bd3 Qc8+ 50. Bf5 Qd8
51. Bc2 Qd7+ 52. Kg2 Qd5+ 53. Be4 Qd7 54. Rxf6 gxf6 55. Qxh6+ Kg8 56. Qxf6
Rxb3 57. Bxc6 Qd3 58. Qe6+ Kg7 59. Qe5+ Kf8 60. Qf6+ Kg8 61. Qe5 Rb6 62.
Bd5+ Kf8 63. h4 Qg6 64. h5 Qf6 65. Qxf6+ Rxf6 66. g4 Ra6 67. f4 Kg7 68. g5
Ra5 69. Be4 Ra3 70. Kf2 Rh3 71. Bf3 Rh2+ 72. Kg3 Rb2 73. Kg4 Rb6 74. h6+
Kh8 75. Be4 Kg8 76. g6 Rd6 77. f5 Rd1 78. Kf4 Rd2 79. Ke5 Re2 80. f6 1-0

[Event "FIDE Grand Swiss 2021"]
[Site "Riga"]
[Date "01.11.2021"]
[Round "6"]
[White "Sindarov, Javokhir"]
[Black "Jumabayev, Rinat"]
[Result "1-0"]
[WhiteElo "2587"]
[BlackElo "2658"]

1. e4 c5 2. Nc3 e6 3. Nf3 Nc6 4. d4 cxd4 5. Nxd4 Nf6 6. Ndb5 Bb4 7. a3
Bxc3+ 8. Nxc3 d5 9. exd5 exd5 10. Bd3 O-O 11. O-O Bg4 12. f3 Bh5 13. Bg5
Qb6+ 14. Kh1 Ne4 15. Nxe4 dxe4 16. Bxe4 Qxb2 17. Qd6 Bg6 18. Rab1 Qc3 19.
Bd5 Rac8 20. Rxb7 Nd4 21. Qd7 Qxc2 22. Rg1 Qf2 23. Qe7 Nf5 24. Qb4 h6 25.
Bf4 a5 26. Qxa5 Rc5 27. Qb6 Qd4 28. Be4 Rfc8 29. Rb8 Rxb8 30. Qxb8+ Kh7 31.
Qb6 Qc4 32. Qb1 Qa4 33. Qb4 Rc4 34. Qxa4 Rxa4 35. Bc1 Nd6 36. Bxg6+ Kxg6
37. Rd1 Nb5 38. Bb2 h5 39. Kg1 f6 40. Kf2 Ra6 41. Rd3 Nd6 42. Ke2 Kf5 43.
Kd1 g5 44. Kc2 Nc4 45. Rc3 Ne5 46. Bc1 g4 47. f4 Ng6 48. g3 h4 49. Rc4 h3
50. a4 Nh4 51. Rc5+ Kg6 52. gxh4 g3 53. h5+ Kh6 54. Rc3 Rc6 55. f5+ Kxh5
56. Bf4 g2 57. Be3 Ra6 58. Ra3 Kg4 59. Kd2 Kxf5 60. a5 Kg4 61. Ke2 f5 62.
Ra4+ Kh5 63. Kf3 f4 64. Bg1 Kg5 65. Ra1 Kf5 66. Bb6 Kg5 67. Kf2 Kg4 68. Rd1
1-0

[Event "FIDE Grand Swiss 2021"]
[Site "Riga"]
[Date "01.11.2021"]
[Round "6"]
[White "Goryachkina, Aleksandra"]
[Black "Adhiban, Baskaran"]
[Result "1/2-1/2"]
[WhiteElo "2602"]
[BlackElo "2672"]

1. d4 d6 2. e4 g6 3. c4 e5 4. Nc3 exd4 5. Qxd4 Nf6 6. Bg5 Nbd7 7. Nf3 h6 8.
Be3 Bg7 9. Qd2 Ng4 10. Bd4 Nde5 11. O-O-O Be6 12. h3 c5 13. hxg4 cxd4 14.
Nxd4 Bxc4 15. f4 Bxf1 16. fxe5 dxe5 17. Rdxf1 exd4 18. Nd5 O-O 19. Rxh6 d3
20. Rfh1 Qc8+ 21. Nc3 Rd8 22. Rh7 Qxg4 23. Nd5 Qc8+ 24. Nc3 Qg4 25. Nd5
Qc8+ 26. Nc3 Qg4 1/2-1/2

[Event "FIDE Grand Swiss 2021"]
[Site "Riga"]
[Date "01.11.2021"]
[Round "6"]
[White "Cheparinov, Ivan"]
[Black "Durarbayli, Vasif"]
[Result "1/2-1/2"]
[WhiteElo "2659"]
[BlackElo "2629"]

1. e4 e5 2. Nf3 Nc6 3. Bb5 a6 4. Ba4 Nf6 5. O-O Be7 6. Re1 b5 7. Bb3 O-O 8.
a4 Bb7 9. d3 d6 10. Bd2 Qd7 11. h3 Nd8 12. axb5 axb5 13. Rxa8 Bxa8 14. Nc3
Ne6 15. Bxe6 fxe6 16. b4 Bb7 17. Qb1 Ra8 18. Qb2 h6 19. Ra1 Rxa1+ 20. Qxa1
Kf7 21. Qa5 Bc6 22. g4 Nh7 23. Kg2 Nf8 24. h4 Nh7 25. Kh3 Kg8 26. Kg3 Nf6
27. g5 hxg5 28. hxg5 Nh5+ 29. Kg4 g6 30. Nh4 Kf7 31. Qa1 Qc8 32. Ne2 Be8
33. Nxg6 Kxg6 34. Qh1 Kg7 35. Ng3 Nf4 36. Qh6+ Kg8 37. g6 Bxg6 38. Bxf4 Kf7
39. Bg5 Qg8 40. Bxe7 Kxe7 41. Qg5+ Kd7 42. f4 exf4 43. Qxb5+ Kc8 44. Kxf4
e5+ 45. Kf3 Qf7+ 46. Kg2 Qf4 47. Qc4 1/2-1/2

[Event "FIDE Grand Swiss 2021"]
[Site "Riga"]
[Date "01.11.2021"]
[Round "6"]
[White "Rakhmanov, Aleksandr"]
[Black "Vokhidov, Shamsiddin"]
[Result "1/2-1/2"]
[WhiteElo "2657"]
[BlackElo "2521"]

1. d4 Nf6 2. c4 e6 3. Nc3 Bb4 4. e3 O-O 5. Nf3 d5 6. Bd2 b6 7. cxd5 exd5 8.
Rc1 Bb7 9. Bd3 Re8 10. O-O Bf8 11. Ne5 c5 12. f4 Nc6 13. Ne2 Ne4 14. Ng3
Nxg3 15. hxg3 g6 16. Qg4 Qe7 17. Nxc6 Bxc6 18. f5 Qd7 19. Qf4 Bd6 20. Qh4
Bb5 21. Bxb5 Qxb5 22. fxg6 hxg6 23. dxc5 Bxc5 24. Rxc5 Qxc5 25. Bc3 Qxe3+
26. Rf2 Re5 27. Qf6 Qc1+ 28. Rf1 Qe3+ 29. Rf2 Qc1+ 30. Rf1 Qe3+ 1/2-1/2

[Event "FIDE Grand Swiss 2021"]
[Site "Riga"]
[Date "01.11.2021"]
[Round "6"]
[White "Georgiev, Kiril"]
[Black "Paravyan, David"]
[Result "1/2-1/2"]
[WhiteElo "2577"]
[BlackElo "2642"]

1. e4 e5 2. Nf3 Nc6 3. Bb5 a6 4. Ba4 Nf6 5. d3 d6 6. c3 g6 7. O-O Bg7 8.
Bg5 h6 9. Bh4 Bd7 10. Nbd2 O-O 11. Re1 Qe8 12. Nf1 Nh5 13. Ne3 Nf4 14. Bg3
Ne6 15. Nd5 Kh8 16. Kh1 Rc8 17. Bc2 Qd8 18. Qd2 Ne7 19. d4 exd4 20. Nxe7
Qxe7 21. cxd4 Ng5 22. Nh4 Ne6 23. Nf3 Ng5 24. Nxg5 Qxg5 25. Bf4 Qh4 26. Bg3
Qg5 27. f4 Qb5 28. e5 dxe5 29. dxe5 Be6 30. Be4 Rfd8 31. Qf2 Qb6 32. Qf3
Rd2 33. b3 Rcd8 34. Bxb7 R8d3 35. Qc6 Qd4 36. Qe4 Qd8 37. Re3 Rd4 38. Qf3
h5 39. Be1 Rd1 40. Rxd1 Rxd1 41. h3 Bf8 42. Kh2 Bc5 43. Re2 Kg7 44. b4 Bb6
45. f5 Bxf5 46. Bxa6 Qd4 47. Bf2 Qxb4 48. Bxb6 Qxb6 49. Rf2 Re1 50. Bc8
Rxe5 51. Bxf5 Rxf5 52. Qc3+ Qf6 53. Qxf6+ Kxf6 54. Rc2 c5 55. a4 Ke6 56. a5
Kd5 57. a6 Re5 58. a7 Re8 59. Re2 Rc8 60. Rb2 Ra8 61. Rb7 f5 62. Kg3 g5 63.
Kf3 Kc6 64. Rf7 g4+ 65. Ke3 h4 66. Kd3 Kb5 67. Kc3 g3 68. Kb3 f4 69. Rxf4
Rxa7 70. Rxh4 Re7 71. Rc4 Re3+ 72. Rc3 c4+ 73. Kb2 Re2+ 74. Rc2 Rf2 75. Kc3
Kc6 76. Rd2 Kc5 77. Rd4 Rxg2 78. Rxc4+ Kd5 79. Rg4 Rg1 80. Kd2 g2 81. Ke2
Rh1 82. Rxg2 Rxh3 1/2-1/2